<?xml version="1.0" encoding="UTF-8"?><OAI-PMH xmlns="http://www.openarchives.org/OAI/2.0/" xmlns:xsi="http://www.w3.org/2001/XMLSchema-instance"     xsi:schemaLocation="http://www.openarchives.org/OAI/2.0/ http://www.openarchives.org/OAI/2.0/OAI-PMH.xsd"><responseDate>2026-05-16T20:27:37Z</responseDate><request verb="GetRecord" identifier="oai:regmurcia.com:fintegr.3864" metadataPrefix="marc21">http://oai.regmurcia.com/oai2/oai2.php</request><GetRecord><record><header><identifier>oai:regmurcia.com:fintegr.3864</identifier><datestamp>2026-05-16</datestamp><setSpec>documentos</setSpec></header><metadata><record  xmlns="http://www.loc.gov/MARC21/slim" xmlns:xsi="http://www.w3.org/2001/XMLSchema-instance" xsi:schemaLocation="http://www.loc.gov/MARC21/slim http://www.loc.gov/standards/marcxml/schema/MARC21slim.xsd" type="Bibliographic"><leader>00000nam a2200000   4500</leader><controlfield tag="001" >005075088</controlfield><controlfield tag="003" >3864</controlfield><controlfield tag="004" >A00000000</controlfield><datafield tag="245" ind1=" " ind2=" "><subfield code="a">Catálogo de los señores que componen la Real Sociedad Económica de Amigos del País de Murcia y de las Señoras que forman la Junta de Damas de esta Real Corporación.</subfield></datafield><datafield tag="300" ind1=" " ind2=" "><subfield code="a">40 pp</subfield></datafield><datafield tag="351" ind1=" " ind2=" "><subfield code="a">Unidad Documental Simple</subfield><subfield code="c">RSEAPMUR. Array</subfield><subfield code="a">Unidad Documental Simple</subfield><subfield code="c">RSEAPMUR. Array</subfield></datafield><datafield tag="510" ind1=" " ind2=" "><subfield code="a">Murcia: Imp. Sucesores de Nogués</subfield></datafield><datafield tag="520" ind1=" " ind2=" "><subfield code="a">Catálogo en el que se nombra los Cargos, la Junta de Damas, los Señores de la Comisión Permante de la Sociedad en la Corte, los Socios de Mérito, los Socios residentes de la RSEAPMU y los componentes de la Clase de Agricultura, Artes y Comercio con expresión del número que denota la antiguedad y fecha en que fueron nombrados.</subfield></datafield><datafield tag="535" ind1=" " ind2=" "><subfield code="a">FE023</subfield></datafield><datafield tag="583" ind1=" " ind2=" "><subfield code="u">http://www.regmurcia.com/servlet/s.Sl?METHOD=VERDOCUMENTO&amp;sit=serv,Carmesi&amp;n=/23/11066/indice.djvu</subfield></datafield><datafield tag="592" ind1=" " ind2=" "><subfield code="a">1929-04-01</subfield></datafield><datafield tag="592" ind1=" " ind2=" "><subfield code="d">1929-04-01 00:00:00</subfield></datafield><datafield tag="786" ind1=" " ind2=" "><subfield code="o">http://www.regmurcia.com/servlet/s.Sl?METHOD=VERDOCUMENTO&amp;sit=serv,Carmesi&amp;n=/23/11066/indice.djvu</subfield></datafield><datafield tag="856" ind1=" " ind2=" "><subfield code="u">http://www.regmurcia.com/servlet/s.Sl?METHOD=DETALLE&amp;sit=c,373,m,139,serv,Carmesi&amp;id=3864</subfield></datafield></record></metadata></record></GetRecord></OAI-PMH>
